Epidemiological survey on disease of cattle in kirivong district takeo province, ការអង្កេតពីការរាតត្បាតជំងឺឺគោដែលតែងជួបប្រទះនៅក្នុងស្រុគិរីវង់ ខេត្តតាកែវ (Record no. 2560)

000 -LEADER
fixed length control field 00647nam a22001337a 4500
040 ## - CATALOGING SOURCE
Transcribing agency RUA
082 ## - DEWEY DECIMAL CLASSIFICATION NUMBER
Classification number AVM NOU 2011 B099 Or.1
100 ## - MAIN ENTRY--AUTHOR NAME
Personal name NOU, SARUN.
245 ## - TITLE STATEMENT
Title Epidemiological survey on disease of cattle in kirivong district takeo province, ការអង្កេតពីការរាតត្បាតជំងឺឺគោដែលតែងជួបប្រទះនៅក្នុងស្រុគិរីវង់ ខេត្តតាកែវ
260 ## - PUBLICATION, DISTRIBUTION, ETC. (IMPRINT)
Place of publication Phnom Penh
Name of publisher RUA
Year of publication 2011
300 ## - PHYSICAL DESCRIPTION
Number of Pages xi; 59p.
Other physical details ill.
Dimensions 29cm.
856 ## - ELECTRONIC LOCATION AND ACCESS
Uniform Resource Identifier https://drive.google.com/file/d/139CH0riKq35WkJNuhf8VmMDEhHYVHEIL/view?usp=sharing
942 ## - ADDED ENTRY ELEMENTS (KOHA)
Koha item type AVM
952 ## - LOCATION AND ITEM INFORMATION (KOHA)
Withdrawn status [LOCAL, KOHA] 0
952 ## - LOCATION AND ITEM INFORMATION (KOHA)
Withdrawn status [LOCAL, KOHA] 0
952 ## - LOCATION AND ITEM INFORMATION (KOHA)
Withdrawn status [LOCAL, KOHA] 0
952 ## - LOCATION AND ITEM INFORMATION (KOHA)
Withdrawn status [LOCAL, KOHA] 0
952 ## - LOCATION AND ITEM INFORMATION (KOHA)
Withdrawn status [LOCAL, KOHA] 0
952 ## - LOCATION AND ITEM INFORMATION (KOHA)
Withdrawn status [LOCAL, KOHA] 0
Holdings
Permanent Location Date acquired Koha item type Lost status Shelving location Barcode Current Location Full call number
Library Block B2015-10-24AVM B099RUA011272Library Block BAVM NOU 2011 B099 Or.1
Library Block B2015-10-24AVM B099RUA015411Library Block BAVM NOU 2011 B099 Or.2
Library Block B2015-10-24AVM B099RUA017233Library Block BAVM NOU 2011 B099 Or.3
Library Block B2015-10-24AVM B099RUA015256Library Block BAVM NOU 2011 B099 Or.4
Library Block B2015-10-24AVM B099RUA008999Library Block BAVM NOU 2011 B099 Or.5
Library Block B2015-10-24AVM B099RUA017088Library Block BAVM NOU 2011 B099 Or.6
មជ្ឈមណ្ឌលឯការនៃសាកលវិទ្យាល័យភូមិន្ទកសិកម្មចំការដូង

Powered by Koha